| 000 | 00955nam a22002177a 4500 | ||
|---|---|---|---|
| 005 | 20120514105031.0 | ||
| 010 | _a | ||
| 020 |
_a _c125.00 |
||
| 035 | _aB-75842 | ||
| 037 | _b PUB | ||
| 082 | _a420 | ||
| 100 |
_aसिन्हा, विनोद कुमार _947039 |
||
| 245 |
_aराष्ट्रभाषा हिंदीः कुछ विचार / _cविनोद कुमार सिन्हा |
||
| 260 |
_aदिल्ली _bसन्मार्ग प्रकाशन _c2001 |
||
| 270 |
_a _b _e _k |
||
| 300 |
_a134पृ _c22सेमी (सजिल्द) |
||
| 650 |
_aहिन्दी भाषा _xव्याकरण _947040 |
||
| 700 |
_aकौशिक, ओमप्रकाश _945986 |
||
| 942 |
_2ddc _cHN _mसिन्हावि _h420 |
||
| 999 |
_c66554 _d66554 |
||